=LDR 00000nam 2200000 4500 =001 INLIS000000000026522 =005 20201008073012 =035 ##$$a 0010-061300000026522 =008 201008################g##########0#ind## =041 ##$$a Ind =082 ##$$a 306.4 =090 ##$$a 306.4 Per p =245 ##$$a Persepsi masyarakat tentang kebudayaan : $b Kumpulan Karangan /$c Editor, Alfian =260 ##$$a Jakarta :$b Gramedia,$c 1985 =300 ##$$a xvii, 248 hlm, ; $c 15 x 21 cm =650 #4$$a Masyarakat - Kebudayaan =850 ##$$a NBPNMAT =084 ##$$a 306.4 PER p =700 #$$a Alfian =990 ##$$a 39.600/pro-91